Relatos de terror /

Guardado en:
Autor Principal: Poe, Edgar Allan
Otros Autores: Gabán, Jesús; il.
Formato: Libro
Publicado: Buenos Aires : Vicens Vives, 2014
Materias:
Etiquetas: Agregar Etiqueta
Sin Etiquetas, Sea el primero en etiquetar este registro!
LEADER 00968nam a22002775a 4500
001 CEM.cems015196
005 20191015161643.0
008 130507s2014##################000#0#####d
003 CEMS
020 |a 9789871291618 
082 0 4 |a 818.3 
100 1 |a Poe, Edgar Allan 
245 1 0 |a Relatos de terror /  |c Edgard Allan Poe ; ilustrado Por Jesús Gabán 
260 |a Buenos Aires :  |b Vicens Vives,  |c 2014 
300 |a 96 p. 
505 0 |a El gato negro -- El caso de Mr. Valdemar -- El barril de amontillado -- La Máscara de la Muerte Roja -- Hop-Frog -- El pozo y el péndulo -- El corazón delator 
653 |a Literatura 
653 |a Literatura norteamericana 
653 |a Literatura infantil 
653 |a Cuentos infantiles 
653 |a Colección ciencias de la educación 
653 |a Cuentos de terror 
653 |a Terror 
653 |a Suspenso 
700 1 |a Gabán, Jesús; il. 
859 |a CEMS  |b BIB. CEMS - Ccias. Educacion  |h 818.3  |i P752  |k CE  |p 28389.19  |t Ej.1